Hauptstädten der Welt - Ein-Minute-Sprint - Statistiken

Allgemein
  • Dieses Quiz wurde 130 mal gespielt
  • Das Durchschnittsergebnis liegt bei 23 aus 196
Antwortstatistiken
Land Hauptstadt % Korrekt
Deutschland Berlin
86%
Frankreich Paris
75%
Belgien Brüssel
70%
Italien Rom
66%
Bulgarien Sofia
51%
Albanien Tirana
46%
Vereinigtes Königreich London
45%
Schweiz Bern
44%
Irland Dublin
44%
Österreich Wien
44%
Lettland Riga
41%
Norwegen Oslo
39%
Finnland Helsinki
38%
Dänemark Kopenhagen
37%
China Peking
37%
Andorra Andorra la Vella
35%
Spanien Madrid
35%
Estland Tallinn
35%
Luxemburg Luxembourg
34%
Tschechien Prag
34%
Japan Tokio
34%
Liechtenstein Vaduz
34%
Niederlande Amsterdam
32%
Griechenland Athen
32%
Russland Moskau
32%
Kroatien Zagreb
30%
Litauen Vilnius
28%
Bosnien und Herzegovina Sarajevo
27%
Polen Warschau
25%
Vereinigte Staaten Washington
25%
Portugal Lissabon
23%
Malta Valletta
23%
Aserbaidschan Baku
21%
Brasilien Brasília
21%
Afghanistan Kabul
21%
Monaco Monaco
21%
Kosovo Priština
21%
Ägypten Kairo
20%
Peru Lima
20%
Kanada Ottawa
20%
Ungarn Budapest
18%
Ukraine Kiew
18%
Ecuador Quito
18%
Island Reykjavík
18%
Mazedonien Skopje
18%
Schweden Stockholm
18%
Australien Canberra
17%
Timor-Leste Dili
17%
Iran Teheran
17%
Irak Bagdad
15%
Rumänien Bukarest
15%
Bolivien La Paz oder Sucre
15%
Marokko Rabat
15%
San Marino San Marino
15%
Tunesien Tunis
15%
Katar Doha
14%
Weißrussland Minsk
14%
Fidschi Suva
14%
Jordanien Amman
13%
Kolumbien Bogotá
13%
Moldawien Chișinău
13%
Senegal Dakar
13%
Togo Lomé
13%
Chile Santiago
13%
Georgien Tiflis
13%
Vatikanstadt Vatikanstadt
13%
Ghana Accra
11%
Algerien Algier
11%
Türkei Ankara
11%
Indonesien Jakarta
11%
Malediven Malé
11%
Bahrain Manama
11%
Mexiko Mexiko-Stadt
11%
Südkorea Seoul
11%
Thailand Bangkok
10%
Slowakei Bratislava
10%
Argentinien Buenos Aires
10%
Venezuela Caracas
10%
Armenien Jerewan
10%
Südafrika Pretoria, Kapstadt, oder Bloemfontein
10%
Saudi-Arabien Riad
10%
Serbien Belgrad
8%
Bangladesch Dhaka
8%
Ruanda Kigali
8%
Äquatorial-Guinea Malabo
8%
Indien Neu-Delhi
8%
Samoa Apia
7%
Vietnam Hanoi
7%
Israel Jerusalem
7%
Zypern Nikosia
7%
Montenegro Podgorica
7%
Bhutan Thimphu
7%
Libyen Tripolis
7%
Vereinigte Arabische Emirate Abu Dhabi
6%
Nigeria Abuja
6%
Brunei Bandar Seri Begawan
6%
Gambia Banjul
6%
Südsudan Juba
6%
Angola Luanda
6%
Philippinen Manila
6%
Mosambik Maputo
6%
Lesotho Maseru
6%
Swasiland Mbabane
6%
Panama Panama-Stadt
6%
Singapur Singapur
6%
Eritrea Asmara
4%
Kasachstan Astana
4%
Guinea-Bissau Bissau
4%
Guatemala Guatemala- Stadt
4%
Uganda Kampala
4%
Kongo (Dem Rep) Kinshasa
4%
Slowenien Ljubljana
4%
Sambia Lusaka
4%
Kenia Nairobi
4%
Jemen Sanaa
4%
Mongolei Ulaanbaatar
4%
Neuseeland Wellington
4%
Paraguay Asunción
3%
Mali Bamako
3%
Zentralafrikanische Republik Bangui
3%
Guinea Conakry
3%
Tansania Dodoma
3%
Kamerun Jaunde
3%
Nepal Kathmandu
3%
Sudan Khartum
3%
Malaysia Kuala Lumpur
3%
Kuwait Kuwait-Stadt
3%
Gabun Libreville
3%
Uruguay Montevideo
3%
Komoren Moroni
3%
Bahamas Nassau
3%
Suriname Paramaribo
3%
Mauritius Port Louis
3%
Taiwan Taipeh
3%
Seychellen Victoria
3%
Laos Vientiane
3%
Madagaskar Antananarivo
1%
Kongo Brazzaville
1%
Sri Lanka Colombo
1%
Syrien Damaskus
1%
Dschibuti Dschibuti
1%
Sierra Leone Freetown
1%
Tuvalu Funafuti
1%
Botswana Gaborone
1%
Guyana Georgetown
1%
Simbabwe Harare
1%
Pakistan Islamabad
1%
Jamaika Kingston
1%
St Vincent und die Grenadinen Kingstown
1%
Marshallinseln Majuro
1%
Nicaragua Managua
1%
Oman Maskat
1%
Somalia Mogadischu
1%
Birma Naypyidaw
1%
Burkina Faso Ouagadougou
1%
Mikronesien Palikir
1%
Haiti Port-au-Prince
1%
Benin Porto-Novo oder Cotonou
1%
Vanuatu Port Vila
1%
Cabo Verde Praia
1%
Grenada Saint George's
1%
São Tomé und Príncipe São Tomé
1%
Kiribati South Tarawa
1%
Usbekistan Taschkent
1%
Nauru Yaren
1%
Äthiopien Addis Abeba
0%
Turkmenistan Aşgabat
0%
St Kitts und Nevis Basseterre
0%
Libanon Beirut
0%
Belize Belmopan
0%
Kirgisistan Bischkek
0%
Barbados Bridgetown
0%
Burundi Bujumbura
0%
St Lucia Castries
0%
Tadschikistan Duschanbe
0%
Kuba Havanna
0%
Salomonen Honiara
0%
Malawi Lilongwe
0%
Liberia Monrovia
0%
Tschad N'Djamena
0%
Palau Ngerulmud
0%
Niger Niamey
0%
Mauretanien Nouakchott
0%
Tonga Nukuʻalofa
0%
Kambodscha Phnom Penh
0%
Nordkorea Pjöngjang
0%
Papua-Neuguinea Port Moresby
0%
Trinidad und Tobago Port-of-Spain
0%
Dominica Roseau
0%
Antigua und Barbuda Saint John's
0%
Costa Rica San José
0%
El Salvador San Salvador
0%
Dominikanische Republik Santo Domingo
0%
Honduras Tegucigalpa
0%
Namibia Windhoek
0%
Côte d’Ivoire Yamoussoukro
0%
Keine übereinstimmenden Quizze gefunden
Verteilung der Resultate
Anzahl Personen mit jedem Resultat
Perzentil nach korrekt beantworteten Fragen
Ihre Resultats-Entwicklung
Sie haben dieses Quiz noch nicht gespielt